[Event "WSTCC-65 2020"]
[Site "Prague"]
[Date "2020.03.10"]
[Round "5.37"]
[White "Jimenez Molina, Juan Leon"]
[Black "Sejkora, Vlastimil"]
[Result "1/2-1/2"]
[WhiteElo "2174"]
[BlackElo "2149"]
[Annotator "ChessBase"]
[PlyCount "72"]
[EventDate "2020.03.06"]
[EventType "team-tourn"]
[EventCountry "CZE"]
[SourceTitle "playchess.com"]
[Source "ChessBase"]
[SourceQuality "1"]
[TimeControl "40/5400+30:1800+30"]

1. c4 {[%emt 0:00:00]} Nf6 {[%emt 0:01:04]} 2. g3 {[%emt 0:00:00]} g6 {[%emt 0:00:01]} 3. Bg2 {[%emt 0:00:00]} Bg7 {[%emt 0:00:00]} 4. Nc3 d6 5. b3 e5 6. Bb2 {[%emt 0:02:52]} c6 {[%emt 0:01:14]} 7. e4 {[%emt 0:06:54]} O-O {[%emt 0:02:37]} 8. Nge2 {[%emt 0:00:17]} Na6 {[%emt 0:01:05]} 9. O-O {[%emt 0:01:44]} Nc5 {[%emt 0:01:41]} 10. d4 {[%emt 0:02:27]} exd4 {[%emt 0:01:27]} 11. Nxd4 {[%emt 0:00:02]} Re8 {[%emt 0:00:10]} 12. Qc2 {[%emt 0:07:00]} a5 {[%emt 0:01:28]} 13. Rad1 {[%emt 0:01:59]} Bg4 {[%emt 0:02:58]} 14. f3 {[%emt 0:06:22]} Bc8 {[%emt 0:00:08]} 15. Nde2 {[%emt 0:03:29]} Qb6 {[%emt 0:04:34]} 16. Kh1 {[%emt 0:01:08]} a4 {[%emt 0:01:44]} 17. Nc1 {[%emt 0:03:29]} axb3 {[%emt 0:02:28]} 18. axb3 {[%emt 0:00:19]} Qc7 {[%emt 0:09:20]} 19. N3e2 {[%emt 0:10:52]} Be6 {[%emt 0:10:02]} 20. Bd4 {[%emt 0:03:47]} Nh5 {[%emt 0:11:09]} 21. g4 {[%emt 0:14:56]} Bxd4 {[%emt 0:00:34]} 22. Rxd4 {[%emt 0:00:15]} Ng7 {[%emt 0:00:25]} 23. Rfd1 f5 24. exf5 {[%emt 0:08:55]} gxf5 {[%emt 0:00:36]} 25. h3 {[%emt 0:01:50]} Rad8 {[%emt 0:01:38]} 26. Qd2 {[%emt 0:08:48]} Bf7 {[%emt 0:08:18]} 27. Nf4 {[%emt 0:04:26]} Nce6 {[%emt 0:05:04]} 28. Nxe6 {[%emt 0:00:27]} Rxe6 {[%emt 0:00:10]} 29. Ne2 {[%emt 0:01:37]} Qe7 {[%emt 0:20:56]} 30. Nc3 {[%emt 0:02:19]} Re3 {[%emt 0:00:48]} 31. gxf5 {[%emt 0:00:42]} Nxf5 {[%emt 0:00:23]} 32. Rg4+ {[%emt 0:00:07]} Bg6 {[%emt 0:00:38]} 33. b4 {[%emt 0:03:36]} Qe5 34. Ne4 d5 35. cxd5 cxd5 36. Rg5 d4 1/2-1/2

[Event "WSTCC-65 2020"]
[Site "Prague"]
[Date "2020.03.10"]
[Round "5.38"]
[White "Janda, Zdenek"]
[Black "Piza Volio, Eduardo"]
[Result "1-0"]
[WhiteElo "2065"]
[BlackElo "2255"]
[Annotator "TA"]
[PlyCount "103"]
[EventDate "2020.03.06"]
[EventType "team-tourn"]
[EventCountry "CZE"]
[SourceTitle "playchess.com"]
[Source "ChessBase"]
[SourceQuality "1"]

{[%evp 18,103,50,20,56,55,58,57,57,57,50,53,69,31,37,35,33,29,34,26,36,29,36,29,59,60,59,53,70,77,87,73,111,77,151,150,154,136,147,138,164,135,132,125,139,142,142,142,134,121,120,116,135,134,160,162,143,146,166,163,170,166,277,263,429,422,405,405,364,404,394,390,538,503,692,692,684,669,733,754,843,804,883,825,1295,1258,1103,960]} 1. d4 Nf6 2. Nf3 e6 3. Bf4 d5 4. e3 c5 5. c3 Nc6 6. Bd3 cxd4 7. exd4 Bd6 8. Bg3 Qc7 9. Nbd2 O-O 10. O-O (10. Bxd6 {seems wilder.} Qxd6 11. O-O b6 12. Qe2 Nd7 13. Rfe1) 10... e5 {D02: 1 d4 d5 2 Nf3 sidelines, including 2...Nf6 3 g3 and 2...Nf6 3 Bf4.} 11. dxe5 Nxe5 12. Nxe5 Bxe5 {White is slightly better.} 13. Bxe5 Qxe5 14. Re1 Qf4 15. h3 Bd7 16. Nf3 Rfe8 17. Qd2 {[#]} Nh5 $146 ({Predecessor:} 17... Qxd2 18. Nxd2 Rf8 19. Kf1 Rfe8 20. Rxe8+ Rxe8 {½-½ (20) Sanetra,P (2139)-Jonczyk Wisla 2002}) 18. Qxf4 Nxf4 19. Bf1 h6 20. Kh2 Bf5 21. Red1 Rad8 22. Rd2 Be4 23. Nd4 a6 24. Rad1 Ne6 25. Nb3 Rd7 ({Better is} 25... b5) 26. f3 $16 Bg6 27. Rxd5 Rxd5 28. Rxd5 Re7 29. Kg3 Bb1 30. Nc1 Bc2 31. Rd2 Ba4 32. Bc4 Kf8 33. Re2 Bd7 34. Nd3 Nd8 35. Nc5 Bc6 36. Rxe7 Kxe7 {[%mdl 4096] Endgame KBN-KBN} 37. Kf4 Kd6 38. Ne4+ Ke7 39. Ke5 Kd7 (39... f6+ {was called for.} 40. Kd4 f5) 40. Ng3 $18 f6+ $2 (40... Bb5 {was necessary.}) 41. Kf5 Ke7 42. Kg6 Kf8 {[#]} 43. Nf5 $1 Be8+ 44. Kh7 g6 45. Nd6 {White is clearly winning.} g5 46. Kxh6 Bd7 47. Kg6 Ke7 48. Nf5+ Bxf5+ 49. Kxf5 Nc6 50. Bd5 Nd8 51. g3 a5 52. h4 {Accuracy: White = 92%, Black = 54%.} 1-0

[Event "WSTCC-65 2020"]
[Site "Prague"]
[Date "2020.03.10"]
[Round "5.39"]
[White "Rovira Mas, Jorge"]
[Black "Mlynek, Petr"]
[Result "1/2-1/2"]
[WhiteElo "2196"]
[BlackElo "2053"]
[Annotator "ChessBase"]
[PlyCount "44"]
[EventDate "2020.03.06"]
[EventType "team-tourn"]
[EventCountry "CZE"]
[SourceTitle "playchess.com"]
[Source "ChessBase"]
[SourceQuality "1"]
[TimeControl "40/5400+30:1800+30"]

1. Nf3 {[%emt 0:00:00]} d5 {[%emt 0:00:00]} 2. b3 {[%emt 0:00:00]} Bf5 {[%emt 0:00:25]} 3. Bb2 {[%emt 0:00:13]} e6 {[%emt 0:00:25]} 4. d3 {[%emt 0:00:32]} h6 {[%emt 0:00:58]} 5. c4 {[%emt 0:01:36]} Nf6 {[%emt 0:01:07]} 6. g3 {[%emt 0:00:07]} Be7 {[%emt 0:06:08]} 7. Bg2 {[%emt 0:00:08]} O-O {[%emt 0:00:26]} 8. O-O {[%emt 0:00:04]} Nbd7 {[%emt 0:00:43]} 9. Nbd2 {[%emt 0:01:39]} a5 {[%emt 0:02:42]} 10. a3 {[%emt 0:00:09]} c6 {[%emt 0:01:24]} 11. Qc2 {[%emt 0:11:52]} Bh7 {[%emt 0:00:31]} 12. Ne5 {[%emt 0:13:26]} Nxe5 {[%emt 0:00:58]} 13. Bxe5 {[%emt 0:00:04]} Nd7 {[%emt 0:00:48]} 14. Bc3 {[%emt 0:04:29]} Bf6 {[%emt 0:04:12]} 15. Bxf6 {[%emt 0:04:52]} Qxf6 {[%emt 0:03:54]} 16. Rab1 {[%emt 0:00:11]} Rfc8 {[%emt 0:03:17]} 17. Qb2 {[%emt 0:03:37]} b5 {[%emt 0:01:58]} 18. Qxf6 {[%emt 0:10:16]} Nxf6 {[%emt 0:00:49]} 19. Rbc1 {[%emt 0:08:39]} bxc4 {[%emt 0:05:50]} 20. bxc4 {[%emt 0:03:36]} Rab8 {[%emt 0:00:49]} 21. Rb1 {[%emt 0:01:37]} Nd7 {[%emt 0:04:51]} 22. f4 {[%emt 0:10:14]} Kf8 {[%emt 0:04:39]} 1/2-1/2

[Event "WSTCC-65 2020"]
[Site "Prague"]
[Date "2020.03.10"]
[Round "5.40"]
[White "Fencl, Vaclav"]
[Black "Araya Umana, Carlos"]
[Result "1-0"]
[WhiteElo "1857"]
[BlackElo "1914"]
[Annotator "ChessBase"]
[PlyCount "65"]
[EventDate "2020.03.06"]
[EventType "team-tourn"]
[EventCountry "CZE"]
[SourceTitle "playchess.com"]
[Source "ChessBase"]
[SourceQuality "1"]
[TimeControl "40/5400+30:1800+30"]

1. d4 {[%emt 0:00:00]} Nf6 2. Nf3 {[%emt 0:00:00]} g6 {[%emt 0:00:54]} 3. Bg5 {[%emt 0:01:41]} Bg7 {[%emt 0:00:09]} 4. e3 {[%emt 0:00:25]} O-O {[%emt 0:04:11]} 5. Bd3 {[%emt 0:00:36]} c5 {[%emt 0:00:26]} 6. O-O {[%emt 0:00:44]} b6 {[%emt 0:01:30]} 7. Nbd2 {[%emt 0:00:45]} Bb7 {[%emt 0:00:15]} 8. c3 {[%emt 0:00:56]} d6 {[%emt 0:03:34]} 9. Re1 {[%emt 0:01:59]} Nbd7 {[%emt 0:11:03]} 10. e4 {[%emt 0:01:58]} e5 {[%emt 0:05:15]} 11. d5 {[%emt 0:00:46]} h6 {[%emt 0:01:15]} 12. Bh4 {[%emt 0:03:10]} g5 {[%emt 0:01:48]} 13. Bg3 {[%emt 0:00:13]} Nh5 {[%emt 0:02:23]} 14. Nxe5 {[%emt 0:13:38]} Nxg3 {[%emt 0:00:14]} 15. Nxd7 {[%emt 0:00:09]} Qxd7 {[%emt 0:01:09]} 16. hxg3 {[%emt 0:00:06]} Be5 {[%emt 0:05:24]} 17. Qh5 {[%emt 0:04:38]} Kg7 {[%emt 0:00:39]} 18. Nc4 {[%emt 0:01:37]} Rae8 {[%emt 0:00:50]} 19. Ne3 {[%emt 0:00:20]} Rh8 {[%emt 0:03:54]} 20. Nf5+ {[%emt 0:01:03]} Kf8 {[%emt 0:00:13]} 21. Qe2 {[%emt 0:09:43]} Ra8 {[%emt 0:03:24]} 22. Qg4 {[%emt 0:05:46]} Qd8 {[%emt 0:01:32]} 23. f4 {[%emt 0:01:20]} h5 {[%emt 0:02:44]} 24. Qf3 {[%emt 0:01:20]} Bf6 {[%emt 0:01:44]} 25. Rf1 {[%emt 0:05:59]} g4 {[%emt 0:01:10]} 26. Qe2 {[%emt 0:01:44]} Bc8 {[%emt 0:05:52]} 27. e5 {[%emt 0:05:45]} Bxf5 {[%emt 0:00:42]} 28. Bxf5 {[%emt 0:00:03]} Bg7 {[%emt 0:02:27]} 29. e6 {[%emt 0:02:51]} Qe7 {[%emt 0:01:52]} 30. Rae1 {[%emt 0:04:06]} Re8 {[%emt 0:04:42]} 31. Qd3 {[%emt 0:02:40]} Bf6 {[%emt 0:15:45]} 32. exf7 {[%emt 0:03:37]} Qxe1 {[%emt 0:00:19]} 33. Rxe1 {[%emt 0:00:26]} 1-0

[Event "WSTCC-65 2020"]
[Site "Prague"]
[Date "2020.03.10"]
[Round "5.41"]
[White "Pribyl, Josef"]
[Black "Watzka, Horst"]
[Result "1/2-1/2"]
[WhiteElo "2225"]
[BlackElo "2166"]
[Annotator "ChessBase"]
[PlyCount "22"]
[EventDate "2020.03.06"]
[EventType "team-tourn"]
[EventCountry "CZE"]
[SourceTitle "playchess.com"]
[Source "ChessBase"]
[SourceQuality "1"]
[TimeControl "40/5400+30:1800+30"]

1. f4 {[%emt 0:00:00]} c5 {[%emt 0:02:47]} 2. Nf3 {[%emt 0:00:00]} Nc6 {[%emt 0:00:16]} 3. b3 {[%emt 0:00:13]} d6 {[%emt 0:01:38]} 4. Bb2 {[%emt 0:00:33]} Nf6 {[%emt 0:03:06]} 5. e3 {[%emt 0:05:45]} g6 {[%emt 0:01:46]} 6. d4 {[%emt 0:04:09]} cxd4 {[%emt 0:03:49]} 7. exd4 {[%emt 0:02:51]} Bg7 {[%emt 0:00:46]} 8. Nc3 {[%emt 0:06:59]} O-O {[%emt 0:00:38]} 9. Be2 {[%emt 0:02:51]} Bf5 {[%emt 0:04:05]} 10. O-O {[%emt 0:00:27]} Rc8 {[%emt 0:00:41]} 11. a3 {[%emt 0:02:13]} a6 {[%emt 0:03:22]} 1/2-1/2

[Event "WSTCC-65 2020"]
[Site "Prague"]
[Date "2020.03.10"]
[Round "5.42"]
[White "Kratschmer, Heinz"]
[Black "Jurek, Josef"]
[Result "1/2-1/2"]
[WhiteElo "2037"]
[BlackElo "2254"]
[Annotator "TA"]
[PlyCount "102"]
[EventDate "2020.03.06"]
[EventType "team-tourn"]
[EventCountry "CZE"]
[SourceTitle "playchess.com"]
[Source "ChessBase"]
[SourceQuality "1"]

{[%evp 11,102,5,12,18,20,20,39,4,13,16,25,0,0,-6,0,0,0,0,10,15,23,27,27,20,26,24,20,20,15,20,35,15,12,18,40,35,30,25,24,9,9,10,13,0,10,0,0,0,0,0,0,0,0,0,15,0,0,-8,-8,-12,-11,-12,-8,-8,-8,-46,-36,-58,-30,-59,-57,-56,-55,-92,-53,-71,-32,-134,0,-8,0,0,0,0,0,0,0,0,0,0,0,0,0]} 1. d4 Nf6 2. Nf3 e6 3. c4 b6 4. e3 Bb7 5. Be2 c5 6. O-O Be7 7. Nc3 {A47: 1 d4 Nf6 2 Nf3 b6: Torre, London and Colle Systems.} cxd4 8. Nxd4 a6 {is the legacy move (8...0-0).} 9. Bf3 {White is slightly better.} Qc7 10. Bxb7 Qxb7 11. Qf3 Qxf3 12. Nxf3 O-O 13. b3 Rc8 14. Bb2 d6 15. Rfd1 Nbd7 {[#]} 16. Nd4 $146 ({Predecessor:} 16. h3 Rab8 17. Rac1 Nc5 18. Ne2 Kf8 19. Kf1 Ke8 20. Nc3 h6 21. Ne2 Rb7 22. Nfd4 {0-1 (65) Jina,L (1665)-Kucera,P (2203) Liberec 2020}) 16... Bf8 17. e4 Rab8 18. f3 g6 19. Rac1 Bh6 20. Rb1 Rb7 21. Bc1 Bf8 22. a4 Rbc7 23. Nde2 h6 24. Bf4 Ne5 25. Be3 Nfd7 26. h3 Nc5 27. Kf1 Kh7 28. Rd2 Be7 29. Nd4 Nxb3 30. Rxb3 {Threatening Nde2.} Nxc4 31. Rd3 {next Nde2 is good for White.} Na5 32. Rxb6 {[#] Hoping for Nd1.} Rxc3 33. Rxc3 Rxc3 34. Bd2 Nc4 35. Bxc3 Nxb6 $11 {[%mdl 4096] Endgame KBN-KBN} 36. a5 Na4 37. Bb4 $1 Bd8 38. Bxd6 Bxa5 39. Nc6 Bb6 40. Ke2 Nc5 41. Kd2 Nb7 42. e5 f6 43. Kc3 Kg7 44. Nb8 ({White should try} 44. exf6+ $15 Kxf6 45. Be5+ Kf5 46. g4+ Kg5 47. Ne7) 44... a5 (44... Nxd6 $17 45. exd6 Kf7 46. Nxa6 Ke8) 45. Kc4 {The position is equal.} fxe5 46. Bxe5+ Kf7 47. Kb5 Be3 48. Nc6 a4 {[%mdl 64] [#] Decoy} 49. Kxa4 Nc5+ 50. Kb5 Nd3 51. Bc3 Nf4 {Accuracy: White = 82%, Black = 92%.} 1/2-1/2

[Event "WSTCC-65 2020"]
[Site "Prague"]
[Date "2020.03.10"]
[Round "5.43"]
[White "Michenka, Jozef"]
[Black "Pitzl, Konstantinos"]
[Result "1-0"]
[WhiteElo "2291"]
[BlackElo "2023"]
[Annotator "ChessBase"]
[PlyCount "87"]
[EventDate "2020.03.06"]
[EventType "team-tourn"]
[EventCountry "CZE"]
[SourceTitle "playchess.com"]
[Source "ChessBase"]
[SourceQuality "1"]
[TimeControl "40/5400+30:1800+30"]

1. d4 {[%emt 0:00:00]} Nf6 {[%emt 0:00:00]} 2. c4 {[%emt 0:00:00]} g6 {[%emt 0:00:00]} 3. Nc3 {[%emt 0:00:00]} Bg7 {[%emt 0:00:00]} 4. e4 {[%emt 0:00:05]} d6 {[%emt 0:00:01]} 5. Bd3 {[%emt 0:01:58]} O-O {[%emt 0:00:08]} 6. Nge2 {[%emt 0:00:07]} e5 {[%emt 0:00:11]} 7. d5 {[%emt 0:00:09]} a5 {[%emt 0:00:27]} 8. O-O {[%emt 0:00:55]} Na6 {[%emt 0:00:29]} 9. h3 {[%emt 0:01:08]} Nd7 {[%emt 0:00:29]} 10. Be3 {[%emt 0:01:44]} f5 {[%emt 0:04:57]} 11. exf5 {[%emt 0:00:24]} gxf5 {[%emt 0:00:09]} 12. f4 {[%emt 0:00:24]} Nac5 {[%emt 0:00:38]} 13. Bc2 {[%emt 0:00:50]} e4 {[%emt 0:00:22]} 14. Bd4 {[%emt 0:01:36]} Nf6 {[%emt 0:01:25]} 15. Qd2 {[%emt 0:01:25]} b6 {[%emt 0:13:41]} 16. Nd1 {[%emt 0:04:19]} Qe8 {[%emt 0:06:15]} 17. Ne3 {[%emt 0:01:05]} Qg6 {[%emt 0:00:35]} 18. b3 {[%emt 0:03:41]} Bd7 {[%emt 0:00:34]} 19. a3 {[%emt 0:01:44]} a4 {[%emt 0:14:01]} 20. b4 {[%emt 0:00:23]} Nd3 {[%emt 0:00:29]} 21. Bxd3 {[%emt 0:06:11]} exd3 {[%emt 0:00:12]} 22. Qxd3 {[%emt 0:00:06]} Rae8 {[%emt 0:00:26]} 23. Rf3 {[%emt 0:07:21]} Ne4 {[%emt 0:03:21]} 24. Kh2 {[%emt 0:09:47]} Rf7 {[%emt 0:08:49]} 25. Rg1 {[%emt 0:04:33]} h5 {[%emt 0:00:44]} 26. g3 {[%emt 0:03:26]} Qh7 {[%emt 0:02:22]} 27. Ng2 {[%emt 0:04:19]} Rfe7 {[%emt 0:02:28]} 28. Bxg7 {[%emt 0:02:18]} Rxg7 {[%emt 0:02:03]} 29. Nh4 {[%emt 0:01:24]} Rge7 {[%emt 0:00:52]} 30. Nd4 {[%emt 0:01:36]} Kf7 {[%emt 0:07:07]} 31. Rg2 {[%emt 0:00:41]} Kf6 {[%emt 0:00:31]} 32. Re2 {[%emt 0:00:34]} Kf7 {[%emt 0:05:43]} 33. Rfe3 {[%emt 0:03:57]} Kg8 {[%emt 0:02:09]} 34. Qc2 {[%emt 0:19:09]} Qf7 {[%emt 0:01:42]} 35. Qb2 {[%emt 0:09:50]} Kh7 {[%emt 0:01:36]} 36. Ndf3 {[%emt 0:01:43]} Qg7 {[%emt 0:02:58]} 37. Ng5+ {[%emt 0:04:16]} Kg8 {[%emt 0:00:16]} 38. Qxg7+ {[%emt 0:01:53]} Kxg7 {[%emt 0:00:16]} 39. Ne6+ {[%emt 0:03:07]} Bxe6 {[%emt 0:00:30]} 40. dxe6 {[%emt 0:00:00]} Kf6 {[%emt 0:00:00]} 41. Nxf5 {[%emt 0:00:28]} Rxe6 {[%emt 0:01:08]} 42. Nd4 {[%emt 0:03:24]} R6e7 {[%emt 0:03:45]} 43. Nc6 {[%emt 0:00:09]} Re6 {[%emt 0:00:36]} 44. f5 {[%emt 0:00:14]} 1-0

[Event "WSTCC-65 2020"]
[Site "Prague"]
[Date "2020.03.10"]
[Round "5.45"]
[White "Gurtovoi, Borys"]
[Black "Holst, Per"]
[Result "1/2-1/2"]
[WhiteElo "1704"]
[BlackElo "2152"]
[Annotator "ChessBase"]
[PlyCount "88"]
[EventDate "2020.03.06"]
[EventType "team-tourn"]
[EventCountry "CZE"]
[SourceTitle "playchess.com"]
[Source "ChessBase"]
[SourceQuality "1"]
[TimeControl "40/5400+30:1800+30"]

1. Nf3 {[%emt 0:02:39]} e6 {[%emt 0:00:00]} 2. g3 {[%emt 0:00:17]} d5 {[%emt 0:00:00]} 3. c4 {[%emt 0:00:13]} Nf6 {[%emt 0:00:06]} 4. Bg2 {[%emt 0:00:43]} c5 {[%emt 0:01:05]} 5. O-O {[%emt 0:01:22]} Nc6 {[%emt 0:00:34]} 6. cxd5 {[%emt 0:00:28]} Nxd5 {[%emt 0:00:24]} 7. d4 {[%emt 0:00:42]} Nf6 {[%emt 0:08:56]} 8. dxc5 {[%emt 0:03:26]} Qxd1 {[%emt 0:00:40]} 9. Rxd1 {[%emt 0:00:02]} Bxc5 {[%emt 0:00:16]} 10. Nc3 {[%emt 0:00:27]} O-O {[%emt 0:04:37]} 11. Na4 {[%emt 0:01:02]} Be7 {[%emt 0:00:44]} 12. Bf4 {[%emt 0:00:42]} Nd5 {[%emt 0:05:54]} 13. e4 {[%emt 0:02:55]} Nxf4 {[%emt 0:01:03]} 14. gxf4 {[%emt 0:02:45]} Rd8 {[%emt 0:03:29]} 15. a3 {[%emt 0:04:39]} Bd7 {[%emt 0:02:45]} 16. Nc3 {[%emt 0:04:42]} Be8 {[%emt 0:04:20]} 17. b4 {[%emt 0:00:44]} b6 {[%emt 0:02:36]} 18. e5 {[%emt 0:02:37]} Rxd1+ {[%emt 0:06:48]} 19. Rxd1 {[%emt 0:02:07]} Rd8 {[%emt 0:01:09]} 20. Rxd8 {[%emt 0:01:52]} Nxd8 {[%emt 0:00:23]} 21. Nd4 {[%emt 0:00:24]} a5 {[%emt 0:06:29]} 22. bxa5 {[%emt 0:05:04]} bxa5 {[%emt 0:00:10]} 23. Ndb5 {[%emt 0:02:27]} Kf8 {[%emt 0:02:31]} 24. Kf1 {[%emt 0:01:03]} Nc6 {[%emt 0:05:08]} 25. Ke2 {[%emt 0:01:22]} f6 {[%emt 0:01:00]} 26. Nc7 {[%emt 0:05:42]} Nd8 {[%emt 0:07:33]} 27. Nxe8 {[%emt 0:01:09]} Kxe8 {[%emt 0:00:11]} 28. a4 {[%emt 0:02:21]} Nf7 {[%emt 0:05:49]} 29. exf6 {[%emt 0:00:48]} gxf6 {[%emt 0:00:34]} 30. Nb5 {[%emt 0:00:31]} Bc5 {[%emt 0:01:43]} 31. Be4 {[%emt 0:01:05]} f5 {[%emt 0:02:49]} 32. Bd3 {[%emt 0:00:17]} Kd7 {[%emt 0:05:10]} 33. Bc4 {[%emt 0:01:20]} Nh8 {[%emt 0:03:05]} 34. Kf3 {[%emt 0:04:11]} Ng6 {[%emt 0:00:26]} 35. Nc3 {[%emt 0:01:38]} Ne7 {[%emt 0:02:09]} 36. Nd1 {[%emt 0:03:09]} Kd6 {[%emt 0:01:43]} 37. Ne3 {[%emt 0:02:34]} Nc6 {[%emt 0:01:13]} 38. Kg3 {[%emt 0:02:43]} Bd4 {[%emt 0:04:56]} 39. Nc2 {[%emt 0:01:27]} Bf6 {[%emt 0:00:00]} 40. Kf3 {[%emt 0:00:00]} Ne7 {[%emt 0:00:00]} 41. Ne3 {[%emt 0:01:57]} Bd4 {[%emt 0:03:33]} 42. Ke2 {[%emt 0:01:05]} Ng8 {[%emt 0:02:30]} 43. Nxf5+ {[%emt 0:00:32]} exf5 {[%emt 0:00:51]} 44. Bxg8 {[%emt 0:00:11]} h6 {[%emt 0:00:08]} 1/2-1/2

[Event "WSTCC-65 2020"]
[Site "Prague"]
[Date "2020.03.10"]
[Round "5.46"]
[White "Christiansen, Jens Jorgen"]
[Black "Dovzhenko, Viktor"]
[Result "0-1"]
[WhiteElo "2042"]
[BlackElo "2069"]
[Annotator "ChessBase"]
[PlyCount "78"]
[EventDate "2020.03.06"]
[EventType "team-tourn"]
[EventCountry "CZE"]
[SourceTitle "playchess.com"]
[Source "ChessBase"]
[SourceQuality "1"]
[TimeControl "40/5400+30:1800+30"]

1. d4 {[%emt 0:00:00]} g6 {[%emt 0:04:48]} 2. Nf3 {[%emt 0:00:00]} Bg7 {[%emt 0:00:13]} 3. e4 {[%emt 0:00:02]} d6 {[%emt 0:00:30]} 4. Nc3 {[%emt 0:00:24]} a6 {[%emt 0:00:32]} 5. Bc4 {[%emt 0:00:24]} b5 {[%emt 0:01:42]} 6. Bb3 {[%emt 0:00:10]} e6 {[%emt 0:00:08]} 7. Bg5 {[%emt 0:12:56]} Ne7 {[%emt 0:00:14]} 8. a4 {[%emt 0:05:15]} b4 {[%emt 0:00:35]} 9. Ne2 {[%emt 0:00:06]} Bb7 {[%emt 0:00:42]} 10. Ng3 {[%emt 0:00:21]} Nd7 {[%emt 0:01:19]} 11. a5 {[%emt 0:07:37]} O-O {[%emt 0:10:20]} 12. Qd2 {[%emt 0:07:48]} c5 {[%emt 0:04:19]} 13. c3 {[%emt 0:02:15]} bxc3 {[%emt 0:01:55]} 14. bxc3 {[%emt 0:00:12]} cxd4 {[%emt 0:05:47]} 15. cxd4 {[%emt 0:00:14]} Nf6 {[%emt 0:00:27]} 16. Qe3 {[%emt 0:02:54]} d5 {[%emt 0:08:09]} 17. e5 {[%emt 0:07:11]} Ne4 {[%emt 0:00:22]} 18. Nxe4 {[%emt 0:01:59]} dxe4 {[%emt 0:00:01]} 19. Nd2 {[%emt 0:00:30]} h6 {[%emt 0:00:19]} 20. Bxe7 {[%emt 0:00:42]} Qxe7 {[%emt 0:00:01]} 21. O-O {[%emt 0:00:31]} Rfd8 {[%emt 0:01:18]} 22. Nc4 {[%emt 0:05:46]} Qb4 {[%emt 0:04:56]} 23. Ra4 {[%emt 0:07:07]} Qe7 {[%emt 0:05:22]} 24. Nb6 {[%emt 0:03:09]} Rab8 {[%emt 0:00:47]} 25. Rc1 {[%emt 0:00:49]} Bxe5 {[%emt 0:00:47]} 26. dxe5 {[%emt 0:02:16]} Rd3 {[%emt 0:01:36]} 27. Qxh6 {[%emt 0:00:25]} Rxb3 {[%emt 0:00:26]} 28. Rac4 {[%emt 0:00:36]} Rd8 {[%emt 0:04:34]} 29. h4 {[%emt 0:01:39]} e3 {[%emt 0:06:33]} 30. fxe3 {[%emt 0:00:39]} Qa3 {[%emt 0:04:33]} 31. Qg5 {[%emt 0:09:55]} Rbd3 {[%emt 0:00:53]} 32. e4 {[%emt 0:08:02]} Qxa5 {[%emt 0:04:43]} 33. Nc8 {[%emt 0:02:07]} Rd1+ {[%emt 0:01:48]} 34. Rxd1 {[%emt 0:01:09]} Rxd1+ {[%emt 0:00:14]} 35. Kh2 {[%emt 0:00:01]} Qe1 {[%emt 0:00:35]} 36. Ne7+ {[%emt 0:06:41]} Kh7 {[%emt 0:01:12]} 37. Qg4 {[%emt 0:03:42]} Qg1+ {[%emt 0:00:55]} 38. Kg3 {[%emt 0:00:19]} Rd3+ {[%emt 0:00:26]} 39. Kf4 {[%emt 0:00:15]} Qe3# {[%emt 0:00:04]} 0-1

[Event "WSTCC-65 2020"]
[Site "Prague"]
[Date "2020.03.10"]
[Round "5.47"]
[White "Chubar, Vladimir"]
[Black "Christiansen, Arne"]
[Result "1/2-1/2"]
[WhiteElo "1991"]
[BlackElo "2016"]
[Annotator "ChessBase"]
[PlyCount "44"]
[EventDate "2020.03.06"]
[EventType "team-tourn"]
[EventCountry "CZE"]
[SourceTitle "playchess.com"]
[Source "ChessBase"]
[SourceQuality "1"]
[TimeControl "40/5400+30:1800+30"]

1. Nf3 {[%emt 0:03:19]} Nf6 {[%emt 0:00:00]} 2. d4 {[%emt 0:00:13]} d5 {[%emt 0:00:01]} 3. Bf4 {[%emt 0:00:08]} c5 {[%emt 0:00:14]} 4. e3 {[%emt 0:00:21]} Nc6 {[%emt 0:00:11]} 5. Nbd2 {[%emt 0:00:22]} e6 {[%emt 0:02:01]} 6. c3 {[%emt 0:00:46]} Be7 {[%emt 0:02:00]} 7. h3 {[%emt 0:00:51]} O-O {[%emt 0:00:46]} 8. Bd3 {[%emt 0:00:33]} Qb6 {[%emt 0:01:14]} 9. Rb1 {[%emt 0:01:08]} cxd4 {[%emt 0:02:26]} 10. exd4 {[%emt 0:01:13]} Bd7 {[%emt 0:00:51]} 11. O-O {[%emt 0:02:13]} Rac8 {[%emt 0:00:30]} 12. Re1 {[%emt 0:02:43]} Rfd8 {[%emt 0:01:33]} 13. Bg5 {[%emt 0:01:08]} Qc7 {[%emt 0:04:32]} 14. Ne5 {[%emt 0:01:59]} a6 {[%emt 0:03:37]} 15. Ndf3 {[%emt 0:01:36]} Be8 {[%emt 0:03:24]} 16. a3 {[%emt 0:05:48]} Na5 {[%emt 0:07:38]} 17. b4 {[%emt 0:07:35]} Nc4 {[%emt 0:00:27]} 18. Nxc4 {[%emt 0:01:00]} dxc4 {[%emt 0:00:09]} 19. Bc2 {[%emt 0:00:28]} Nd5 {[%emt 0:03:04]} 20. Qd2 {[%emt 0:01:44]} Bxg5 {[%emt 0:07:17]} 21. Nxg5 {[%emt 0:04:33]} h6 {[%emt 0:00:46]} 22. Nf3 Qf4 1/2-1/2